00379nam a22001217a 450000500170000000800410001704000130005808200290007110000270010024500680012726000510019530000110024620180306112822.0170727b xxu||||| |||| 00| 0 eng d cPK-LaUMT aZIAC 297.08996073bBRE-I aBrent Turner , Richard aIslam in the African American experience/cRichard Brent Turner aBloomington:bIndiana University Press, c1997 a300 p.